Higher | Sleep Token Lyrics - Statistics

General Stats
  • This quiz has been taken 5 times
  • The average score is 247 of 277
Answer Stats
Answer % Correct
a
100%
again
100%
all
100%
am
100%
and
100%
And
100%
are
100%
as
100%
battle
100%
begin
100%
bone
100%
by
100%
can
100%
can't
100%
'Cause
100%
dry
100%
each
100%
exhausted
100%
fire
100%
for
100%
I
100%
in
100%
just
100%
let
100%
me
100%
need
100%
on
100%
only
100%
pretending
100%
resist
100%
say
100%
scarlet
100%
silence
100%
the
100%
The
100%
this
100%
time
100%
violence
100%
we
100%
We
100%
won't
100%
You
100%
you
100%
your
100%
alone
75%
at
75%
blood
75%
But
75%
but
75%
Capitulate
75%
danger
75%
debt
75%
fury
75%
granting
75%
hate
75%
higher
75%
little
75%
look
75%
many
75%
melody,
75%
more
75%
not
75%
one
75%
owe
75%
own
75%
remember
75%
still
75%
takes
75%
taking
75%
than
75%
that
75%
to
75%
ultraviolet
75%
understood
75%
us
75%
way
75%
when
75%
you're
75%
among
50%
back
50%
Because
50%
believe
50%
forth
50%
from
50%
Go
50%
home
50%
instigate
50%
killing
50%
know
50%
Lacerate
50%
long
50%
now
50%
refuse
50%
shelter
50%
slow
50%
With
50%
No matching quizzes found
Score Distribution
Percent of People with Each Score
Percentile by Number Answered
Your Score History
You have not taken this quiz